[Event "DMP Ekstraliga 2020"]
[Site "Krakow"]
[Date "2020.08.30"]
[Round "5.7"]
[White "Kempinski, Robert"]
[Black "Huschenbeth, Niclas"]
[Result "1/2-1/2"]
[WhiteElo "2568"]
[BlackElo "2605"]
[Annotator "ChessBase"]
[PlyCount "80"]
[EventDate "2020.08.26"]
[EventType "team-tourn"]
[EventCountry "POL"]
[SourceTitle "playchess.com"]
[Source "ChessBase"]
[SourceQuality "1"]
[WhiteTeam "Miedz Legnica"]
[BlackTeam "Silesia Raciborz"]
[TimeControl "30/5400+30:1800+30"]

1. c4 {[%emt 0:00:00]} e6 {[%emt 0:00:03]} 2. Nc3 {[%emt 0:00:19]} Nf6 {[%emt 0:00:19]} 3. e4 {[%emt 0:02:35]} c5 {[%emt 0:00:08]} 4. Nf3 {[%emt 0:02:06]} Nc6 {[%emt 0:00:43]} 5. Be2 {[%emt 0:01:39]} Nd4 {[%emt 0:11:29]} 6. O-O {[%emt 0:04:16]} d6 {[%emt 0:01:01]} 7. d3 {[%emt 0:02:24]} Bd7 {[%emt 0:02:37]} 8. Be3 {[%emt 0:06:10]} Qb6 {[%emt 0:00:55]} 9. Rb1 {[%emt 0:02:15]} a5 {[%emt 0:01:15]} 10. a4 {[%emt 0:17:39]} Be7 {[%emt 0:07:05]} 11. Nb5 {[%emt 0:01:09]} Bxb5 {[%emt 0:02:48]} 12. axb5 {[%emt 0:00:36]} O-O {[%emt 0:02:07]} 13. Nxd4 {[%emt 0:13:02]} cxd4 {[%emt 0:00:05]} 14. Bg5 {[%emt 0:00:16]} Qc5 {[%emt 0:07:16]} 15. Bxf6 {[%emt 0:00:09]} Bxf6 {[%emt 0:00:10]} 16. Ra1 {[%emt 0:00:05]} d5 {[%emt 0:18:22]} 17. exd5 {[%emt 0:02:01]} exd5 {[%emt 0:00:32]} 18. Qb3 {[%emt 0:03:01]} dxc4 {[%emt 0:02:02]} 19. dxc4 {[%emt 0:00:39]} b6 {[%emt 0:03:22]} 20. Bf3 {[%emt 0:01:05]} Rad8 {[%emt 0:08:44]} 21. Bd5 {[%emt 0:09:35]} Rfe8 {[%emt 0:09:46]} 22. Qd3 {[%emt 0:03:01]} Qb4 {[%emt 0:00:20]} 23. Rab1 {[%emt 0:01:16]} h5 {[%emt 0:11:42]} 24. g3 {[%emt 0:01:37]} h4 {[%emt 0:00:26]} 25. Rfd1 {[%emt 0:02:55]} Re5 {[%emt 0:00:53]} 26. Kg2 {[%emt 0:07:17]} Qe7 {[%emt 0:00:51]} 27. Qf3 {[%emt 0:02:38]} Re2 {[%emt 0:01:33]} 28. Kf1 {[%emt 0:00:45]} Re5 {[%emt 0:04:12]} 29. Rxd4 {[%emt 0:01:44]} Re8 {[%emt 0:00:03]} 30. gxh4 {[%emt 0:01:58]} Re1+ {[%emt 0:02:13]} 31. Rxe1 {[%emt 0:30:21]} Qxe1+ {[%emt 0:30:02]} 32. Kg2 {[%emt 0:00:08]} Qe2 {[%emt 0:00:44]} 33. Rf4 {[%emt 0:05:09]} Qxb2 {[%emt 0:00:03]} 34. Qh5 {[%emt 0:00:38]} Re7 {[%emt 0:01:51]} 35. Re4 {[%emt 0:01:26]} Qb4 {[%emt 0:00:41]} 36. Bxf7+ {[%emt 0:03:16]} Rxf7 {[%emt 0:00:04]} 37. Re8+ {[%emt 0:00:07]} Rf8 {[%emt 0:00:02]} 38. Qd5+ {[%emt 0:00:08]} Kh7 {[%emt 0:01:25]} 39. Qh5+ {[%emt 0:00:10]} Kg8 {[%emt 0:00:03]} 40. Qd5+ {[%emt 0:00:00]} Kh7 {[%emt 0:00:00]} 1/2-1/2

[Event "DMP Ekstraliga 2020"]
[Site "Krakow"]
[Date "2020.08.30"]
[Round "5.8"]
[White "Nasuta, Grzegorz"]
[Black "Heberla, Bartlomiej"]
[Result "1/2-1/2"]
[WhiteElo "2553"]
[BlackElo "2566"]
[Annotator "ChessBase"]
[PlyCount "41"]
[EventDate "2020.08.26"]
[EventType "team-tourn"]
[EventCountry "POL"]
[SourceTitle "playchess.com"]
[Source "ChessBase"]
[SourceQuality "1"]
[WhiteTeam "Silesia Raciborz"]
[BlackTeam "Miedz Legnica"]
[TimeControl "30/5400+30:1800+30"]

1. e4 {[%emt 0:00:00]} c5 {[%emt 0:00:00]} 2. Nf3 {[%emt 0:00:00]} d6 {[%emt 0:00:00]} 3. Bb5+ {[%emt 0:03:39]} Bd7 {[%emt 0:00:00]} 4. c4 {[%emt 0:00:20]} Nf6 {[%emt 0:00:43]} 5. Nc3 {[%emt 0:00:07]} e6 {[%emt 0:00:14]} 6. O-O {[%emt 0:02:05]} Be7 {[%emt 0:00:04]} 7. d4 {[%emt 0:00:26]} cxd4 {[%emt 0:00:09]} 8. Nxd4 {[%emt 0:00:07]} O-O {[%emt 0:00:55]} 9. Be3 {[%emt 0:03:15]} a6 {[%emt 0:01:49]} 10. Bxd7 {[%emt 0:03:10]} Qxd7 {[%emt 0:00:35]} 11. f3 {[%emt 0:04:02]} Nc6 {[%emt 0:00:07]} 12. Qe2 {[%emt 0:09:30]} Rac8 {[%emt 0:00:37]} 13. Rac1 {[%emt 0:04:44]} Qc7 {[%emt 0:06:24]} 14. Nxc6 {[%emt 0:03:24]} Qxc6 {[%emt 0:00:32]} 15. b3 {[%emt 0:00:08]} Bd8 {[%emt 0:06:13]} 16. Rfd1 {[%emt 0:09:20]} Bb6 {[%emt 0:02:48]} 17. Na4 {[%emt 0:04:55]} Bc7 {[%emt 0:10:24]} 18. Qf2 {[%emt 0:17:23]} b5 {[%emt 0:13:20]} 19. cxb5 {[%emt 0:18:24]} Qxb5 {[%emt 0:00:46]} 20. Bd4 {[%emt 0:00:18]} Qg5 {[%emt 0:15:46]} 21. Qd2 {[%emt 0:08:51]} 1/2-1/2

[Event "DMP Ekstraliga 2020"]
[Site "Krakow"]
[Date "2020.08.30"]
[Round "5.9"]
[White "Olszewski, Michal"]
[Black "Markowski, Tomasz"]
[Result "1/2-1/2"]
[WhiteElo "2547"]
[BlackElo "2548"]
[Annotator "ChessBase"]
[PlyCount "81"]
[EventDate "2020.08.26"]
[EventType "team-tourn"]
[EventCountry "POL"]
[SourceTitle "playchess.com"]
[Source "ChessBase"]
[SourceQuality "1"]
[WhiteTeam "Miedz Legnica"]
[BlackTeam "Silesia Raciborz"]
[TimeControl "30/5400+30:1800+30"]

1. e4 {[%emt 0:00:00]} c5 {[%emt 0:00:00]} 2. Nf3 {[%emt 0:00:00]} e6 {[%emt 0:00:00]} 3. d4 {[%emt 0:00:00]} cxd4 {[%emt 0:00:00]} 4. Nxd4 {[%emt 0:00:00]} a6 {[%emt 0:00:00]} 5. c4 {[%emt 0:00:08]} Nf6 {[%emt 0:00:01]} 6. Nc3 {[%emt 0:00:20]} Qc7 {[%emt 0:00:28]} 7. Be2 {[%emt 0:02:57]} b6 {[%emt 0:00:05]} 8. O-O {[%emt 0:03:31]} Bb7 {[%emt 0:00:03]} 9. Qd3 {[%emt 0:02:07]} Nc6 {[%emt 0:00:40]} 10. Nxc6 {[%emt 0:07:31]} dxc6 {[%emt 0:01:24]} 11. f4 {[%emt 0:06:44]} Rd8 {[%emt 0:00:14]} 12. Qh3 {[%emt 0:04:00]} c5 {[%emt 0:02:46]} 13. e5 {[%emt 0:17:44]} Ne4 {[%emt 0:01:37]} 14. f5 {[%emt 0:01:48]} Nxc3 {[%emt 0:05:02]} 15. bxc3 {[%emt 0:22:28]} exf5 {[%emt 0:03:02]} 16. Qxf5 {[%emt 0:02:56]} Bc8 {[%emt 0:00:14]} 17. Qf4 {[%emt 0:07:58]} Be6 {[%emt 0:02:30]} 18. Bg4 {[%emt 0:00:34]} Qd7 {[%emt 0:03:46]} 19. Rd1 {[%emt 0:02:52]} Qxd1+ {[%emt 0:06:13]} 20. Bxd1 {[%emt 0:00:08]} Rxd1+ {[%emt 0:00:03]} 21. Kf2 {[%emt 0:00:06]} Be7 {[%emt 0:00:29]} 22. Qf3 {[%emt 0:03:36]} Rd7 {[%emt 0:00:31]} 23. Qa8+ {[%emt 0:02:50]} Bd8 {[%emt 0:00:22]} 24. Qxa6 {[%emt 0:00:29]} O-O {[%emt 0:00:06]} 25. Bf4 {[%emt 0:00:45]} Bc7 {[%emt 0:07:12]} 26. Kg1 {[%emt 0:01:36]} h6 {[%emt 0:00:22]} 27. Re1 {[%emt 0:01:07]} Rfd8 {[%emt 0:01:24]} 28. h3 {[%emt 0:02:07]} g5 {[%emt 0:07:43]} 29. Be3 {[%emt 0:00:30]} Rd3 {[%emt 0:01:36]} 30. Qb7 {[%emt 0:01:07]} R8d7 {[%emt 0:01:04]} 31. Qa8+ {[%emt 0:32:59]} Kg7 {[%emt 0:31:42]} 32. h4 {[%emt 0:01:16]} Rxc3 {[%emt 0:18:40]} 33. hxg5 {[%emt 0:00:37]} Rxc4 {[%emt 0:00:22]} 34. gxh6+ {[%emt 0:00:35]} Kh7 {[%emt 0:00:06]} 35. Bg5 {[%emt 0:02:35]} Rg4 {[%emt 0:01:42]} 36. Bf6 {[%emt 0:00:05]} Rg8 {[%emt 0:00:37]} 37. Qe4+ {[%emt 0:00:11]} Rg6 {[%emt 0:00:18]} 38. Qa8 {[%emt 0:01:07]} Rg8 {[%emt 0:00:17]} 39. Qe4+ {[%emt 0:00:05]} Rg6 {[%emt 0:00:02]} 40. Qa8 {[%emt 0:00:00]} Rg8 {[%emt 0:00:00]} 41. Qe4+ {[%emt 0:00:00]} 1/2-1/2

[Event "DMP Ekstraliga 2020"]
[Site "Krakow"]
[Date "2020.08.30"]
[Round "5.10"]
[White "Krzyzanowski, Marcin"]
[Black "Bobras, Piotr"]
[Result "1/2-1/2"]
[WhiteElo "2518"]
[BlackElo "2487"]
[Annotator "ChessBase"]
[PlyCount "86"]
[EventDate "2020.08.26"]
[EventType "team-tourn"]
[EventCountry "POL"]
[SourceTitle "playchess.com"]
[Source "ChessBase"]
[SourceQuality "1"]
[WhiteTeam "Silesia Raciborz"]
[BlackTeam "Miedz Legnica"]
[TimeControl "30/5400+30:1800+30"]

1. e4 {[%emt 0:00:00]} c5 {[%emt 0:00:00]} 2. Nf3 {[%emt 0:00:00]} Nc6 {[%emt 0:00:06]} 3. d4 {[%emt 0:00:00]} cxd4 {[%emt 0:00:04]} 4. Nxd4 {[%emt 0:00:00]} Nf6 {[%emt 0:00:14]} 5. Nc3 {[%emt 0:00:00]} e5 {[%emt 0:00:18]} 6. Ndb5 {[%emt 0:00:00]} d6 {[%emt 0:00:06]} 7. Nd5 {[%emt 0:00:04]} Nxd5 {[%emt 0:00:52]} 8. exd5 {[%emt 0:00:05]} Nb8 {[%emt 0:01:35]} 9. a4 {[%emt 0:00:09]} a6 {[%emt 0:13:48]} 10. Na3 {[%emt 0:00:04]} Be7 {[%emt 0:02:54]} 11. Be2 {[%emt 0:00:28]} O-O {[%emt 0:01:34]} 12. O-O {[%emt 0:00:15]} Bf5 {[%emt 0:04:17]} 13. Nc4 {[%emt 0:01:41]} Nd7 {[%emt 0:06:03]} 14. a5 {[%emt 0:00:19]} Bg6 {[%emt 0:00:29]} 15. Be3 {[%emt 0:04:00]} Rc8 {[%emt 0:06:34]} 16. b4 {[%emt 0:00:59]} f5 {[%emt 0:07:58]} 17. f4 {[%emt 0:01:34]} exf4 {[%emt 0:02:53]} 18. Bxf4 {[%emt 0:00:09]} Nf6 {[%emt 0:00:24]} 19. Nb6 {[%emt 0:03:16]} Rc3 {[%emt 0:00:11]} 20. Na4 {[%emt 0:02:18]} Rc8 {[%emt 0:07:11]} 21. c4 {[%emt 0:06:17]} Ne4 {[%emt 0:04:54]} 22. Rc1 {[%emt 0:18:11]} Bg5 {[%emt 0:03:49]} 23. g3 {[%emt 0:04:53]} Bxf4 {[%emt 0:03:02]} 24. Rxf4 {[%emt 0:01:00]} Qe7 {[%emt 0:02:58]} 25. Bd3 {[%emt 0:05:20]} Qe5 {[%emt 0:06:43]} 26. Nb6 {[%emt 0:07:18]} Rc7 {[%emt 0:05:18]} 27. c5 {[%emt 0:23:04]} Bh5 {[%emt 0:05:53]} 28. Qxh5 {[%emt 0:03:40]} Qd4+ {[%emt 0:00:02]} 29. Kg2 {[%emt 0:02:01]} Qxd3 {[%emt 0:00:16]} 30. Qd1 {[%emt 0:01:34]} Qb5 {[%emt 0:04:10]} 31. Rc4 {[%emt 0:34:09]} g6 {[%emt 0:35:59]} 32. Rf1 {[%emt 0:04:20]} Rd8 {[%emt 0:00:25]} 33. g4 {[%emt 0:02:28]} dxc5 {[%emt 0:02:49]} 34. Qc2 {[%emt 0:02:01]} Re7 {[%emt 0:02:06]} 35. bxc5 {[%emt 0:03:38]} Nxc5 {[%emt 0:00:01]} 36. gxf5 {[%emt 0:01:09]} Rde8 {[%emt 0:01:05]} 37. Kh1 {[%emt 0:01:06]} Re2 {[%emt 0:00:38]} 38. Qc3 {[%emt 0:00:55]} Ne4 {[%emt 0:00:47]} 39. Qd4 {[%emt 0:00:09]} Qb3 {[%emt 0:00:29]} 40. fxg6 {[%emt 0:00:00]} Rxh2+ {[%emt 0:00:00]} 41. Kxh2 {[%emt 0:00:00]} Qg3+ {[%emt 0:00:00]} 42. Kh1 {[%emt 0:00:00]} Qh3+ {[%emt 0:00:00]} 43. Kg1 {[%emt 0:00:00]} Qg3+ {[%emt 0:00:00]} 1/2-1/2

[Event "DMP Ekstraliga 2020"]
[Site "Krakow"]
[Date "2020.08.30"]
[Round "5.11"]
[White "Murdzia, Piotr"]
[Black "Jakubowski, Krzysztof"]
[Result "1/2-1/2"]
[WhiteElo "2423"]
[BlackElo "2481"]
[Annotator "ChessBase"]
[PlyCount "86"]
[EventDate "2020.08.26"]
[EventType "team-tourn"]
[EventCountry "POL"]
[SourceTitle "playchess.com"]
[Source "ChessBase"]
[SourceQuality "1"]
[WhiteTeam "Miedz Legnica"]
[BlackTeam "Silesia Raciborz"]
[TimeControl "30/5400+30:1800+30"]

1. d4 {[%emt 0:00:00]} Nf6 {[%emt 0:00:00]} 2. c4 {[%emt 0:00:00]} e6 {[%emt 0:00:00]} 3. Nf3 {[%emt 0:00:01]} b6 {[%emt 0:00:13]} 4. g3 {[%emt 0:02:36]} Bb7 {[%emt 0:00:31]} 5. Bg2 {[%emt 0:00:05]} Be7 {[%emt 0:00:07]} 6. O-O {[%emt 0:00:06]} O-O {[%emt 0:00:05]} 7. d5 {[%emt 0:03:52]} exd5 {[%emt 0:01:02]} 8. Nh4 {[%emt 0:00:19]} c6 {[%emt 0:00:28]} 9. cxd5 {[%emt 0:00:39]} Nxd5 {[%emt 0:00:10]} 10. Nf5 {[%emt 0:00:15]} Nc7 {[%emt 0:00:36]} 11. Nc3 {[%emt 0:02:32]} Ne6 {[%emt 0:02:49]} 12. e4 {[%emt 0:02:02]} d6 {[%emt 0:00:23]} 13. Qg4 {[%emt 0:02:34]} Nd7 {[%emt 0:10:39]} 14. Bf4 {[%emt 0:18:13]} Ne5 {[%emt 0:11:42]} 15. Nh6+ {[%emt 0:02:49]} Kh8 {[%emt 0:02:18]} 16. Nxf7+ {[%emt 0:02:03]} Rxf7 {[%emt 0:01:12]} 17. Qxe6 {[%emt 0:00:26]} Qf8 {[%emt 0:00:52]} 18. Ne2 {[%emt 0:35:06]} Ba6 {[%emt 0:13:16]} 19. Nd4 {[%emt 0:00:05]} Re8 {[%emt 0:05:53]} 20. Rfd1 {[%emt 0:05:59]} Bg5 {[%emt 0:09:38]} 21. Bxg5 {[%emt 0:06:22]} Rxe6 {[%emt 0:00:14]} 22. Nxe6 {[%emt 0:00:05]} Qb8 {[%emt 0:00:50]} 23. f4 {[%emt 0:11:02]} Nc4 {[%emt 0:07:07]} 24. Bf1 {[%emt 0:02:45]} h6 {[%emt 0:00:58]} 25. b3 {[%emt 0:01:00]} Ne3 {[%emt 0:02:53]} 26. Bxa6 {[%emt 0:00:34]} Nxd1 {[%emt 0:00:17]} 27. Rxd1 {[%emt 0:00:18]} hxg5 {[%emt 0:05:50]} 28. Nxg5 {[%emt 0:00:04]} Re7 {[%emt 0:01:39]} 29. Be2 {[%emt 0:01:31]} g6 {[%emt 0:01:38]} 30. Kg2 {[%emt 0:00:05]} b5 {[%emt 0:00:21]} 31. h4 {[%emt 0:30:34]} Kg7 {[%emt 0:30:51]} 32. h5 {[%emt 0:00:16]} gxh5 {[%emt 0:00:22]} 33. Bxh5 {[%emt 0:00:10]} c5 {[%emt 0:03:23]} 34. Be2 {[%emt 0:01:13]} Re8 {[%emt 0:02:21]} 35. e5 {[%emt 0:01:12]} dxe5 {[%emt 0:07:01]} 36. Rd7+ {[%emt 0:00:09]} Kg8 {[%emt 0:00:03]} 37. Bf3 {[%emt 0:00:36]} e4 {[%emt 0:00:46]} 38. Bxe4 {[%emt 0:00:35]} Rxe4 {[%emt 0:00:35]} 39. Nxe4 {[%emt 0:00:04]} Qa8 {[%emt 0:00:04]} 40. Kf3 {[%emt 0:00:00]} Qc6 {[%emt 0:00:00]} 41. Rd6 {[%emt 0:00:00]} Qc7 {[%emt 0:00:00]} 42. Rd7 {[%emt 0:00:00]} Qc6 {[%emt 0:00:00]} 43. Rd6 {[%emt 0:00:00]} Qc7 {[%emt 0:00:00]} 1/2-1/2

[Event "DMP Ekstraliga 2020"]
[Site "Krakow"]
[Date "2020.08.30"]
[Round "5.12"]
[White "Worek, Joanna"]
[Black "Kiolbasa, Oliwia"]
[Result "0-1"]
[WhiteElo "2326"]
[BlackElo "2160"]
[Annotator "ChessBase"]
[PlyCount "80"]
[EventDate "2020.08.26"]
[EventType "team-tourn"]
[EventCountry "POL"]
[SourceTitle "playchess.com"]
[Source "ChessBase"]
[SourceQuality "1"]
[WhiteTeam "Silesia Raciborz"]
[BlackTeam "Miedz Legnica"]
[TimeControl "30/5400+30:1800+30"]

1. e4 {[%emt 0:00:00]} e5 {[%emt 0:00:00]} 2. Nf3 {[%emt 0:00:00]} Nc6 {[%emt 0:00:00]} 3. Bc4 {[%emt 0:00:00]} Bc5 {[%emt 0:00:00]} 4. O-O {[%emt 0:00:11]} Nf6 {[%emt 0:00:30]} 5. d3 {[%emt 0:00:12]} O-O {[%emt 0:00:39]} 6. c3 {[%emt 0:00:08]} d6 {[%emt 0:00:25]} 7. a4 {[%emt 0:00:35]} a5 {[%emt 0:01:14]} 8. Nbd2 {[%emt 0:02:09]} Be6 {[%emt 0:01:38]} 9. Re1 {[%emt 0:01:19]} Qb8 {[%emt 0:09:00]} 10. h3 {[%emt 0:04:54]} Qa7 {[%emt 0:01:44]} 11. Qe2 {[%emt 0:01:31]} Rae8 {[%emt 0:25:03]} 12. Bb5 {[%emt 0:11:02]} Bd7 {[%emt 0:02:01]} 13. Nf1 {[%emt 0:01:31]} h6 {[%emt 0:02:50]} 14. Be3 {[%emt 0:13:14]} Ne7 {[%emt 0:13:37]} 15. Bxd7 {[%emt 0:12:38]} Nxd7 {[%emt 0:00:09]} 16. d4 {[%emt 0:01:55]} Bb6 {[%emt 0:06:29]} 17. Rad1 {[%emt 0:15:10]} Ng6 {[%emt 0:03:15]} 18. Ng3 {[%emt 0:01:36]} Nf6 {[%emt 0:03:55]} 19. Qc4 {[%emt 0:01:22]} c6 {[%emt 0:02:25]} 20. dxe5 {[%emt 0:02:28]} dxe5 {[%emt 0:01:17]} 21. Nf5 {[%emt 0:02:02]} Rd8 {[%emt 0:01:21]} 22. g3 {[%emt 0:08:43]} Bxe3 {[%emt 0:02:30]} 23. Nxe3 {[%emt 0:00:05]} Qb6 {[%emt 0:00:10]} 24. b3 {[%emt 0:00:49]} Rxd1 {[%emt 0:00:49]} 25. Rxd1 {[%emt 0:00:02]} Rd8 {[%emt 0:00:00]} 26. Rxd8+ {[%emt 0:05:02]} Qxd8 {[%emt 0:00:00]} 27. b4 {[%emt 0:01:09]} axb4 {[%emt 0:01:59]} 28. cxb4 {[%emt 0:00:13]} Qd7 {[%emt 0:00:51]} 29. Kg2 {[%emt 0:00:22]} b5 {[%emt 0:01:06]} 30. axb5 {[%emt 0:02:29]} cxb5 {[%emt 0:00:06]} 31. Qc2 {[%emt 0:30:23]} Qd6 {[%emt 0:34:58]} 32. Qb1 {[%emt 0:03:28]} Qc6 {[%emt 0:03:12]} 33. Ng4 {[%emt 0:02:52]} Nxe4 {[%emt 0:02:41]} 34. Kh2 {[%emt 0:04:47]} Nxf2 {[%emt 0:01:46]} 35. Ngxe5 {[%emt 0:01:30]} Nxe5 {[%emt 0:02:57]} 36. Nxe5 {[%emt 0:00:07]} Qe6 {[%emt 0:02:29]} 37. Qf1 {[%emt 0:00:02]} Ne4 {[%emt 0:01:55]} 38. Qa1 {[%emt 0:01:13]} Ng5 {[%emt 0:00:28]} 39. Qa8+ {[%emt 0:00:00]} Kh7 {[%emt 0:00:00]} 40. Ng4 {[%emt 0:00:00]} Qe2+ {[%emt 0:00:00]} 0-1

[Event "DMP Ekstraliga 2020"]
[Site "Krakow"]
[Date "2020.08.30"]
[Round "5.13"]
[White "Moranda, Wojciech"]
[Black "Harikrishna, Pentala"]
[Result "1/2-1/2"]
[WhiteElo "2605"]
[BlackElo "2732"]
[Annotator "TA"]
[PlyCount "55"]
[EventDate "2020.08.26"]
[EventType "team-tourn"]
[EventCountry "POL"]
[SourceTitle "playchess.com"]
[Source "ChessBase"]
[SourceQuality "1"]
[WhiteTeam "Wieza Pegow"]
[BlackTeam "Polonia Wroclaw"]

{[%evp 19,55,10,6,7,17,9,18,13,14,0,2,0,0,0,6,4,11,10,31,32,32,33,41,29,32,27,35,58,50,46,62,28,24,31,27,31,65,73]} 1. d4 d5 2. c4 c6 3. Nc3 Nf6 4. e3 e6 5. Nf3 Nbd7 6. Bd3 dxc4 7. Bxc4 b5 8. Bd3 Bd6 9. O-O O-O 10. Qc2 Bb7 11. Ng5 {[%cal Rd3h7] D46: Semi-Slav: 5 e3 Nbd7 6 Bd3, Black avoids the Meran.} h6 12. Nge4 Be7 13. Rd1 {The position is equal.} Qb6 14. Nxf6+ Nxf6 15. Qe2 Rfd8 16. b3 a6 17. a4 {[%cal Ba2a4,Ba4b5,Bb5b6][%mdl 32] [#]} c5 $146 ({Predecessor:} 17... b4 18. a5 Qc7 19. Na4 Qxa5 20. e4 Qh5 21. Qxh5 Nxh5 22. Be3 Nf6 23. Nb6 Ra7 {1-0 (62) Palladino,M (2242)-Franchi,G (2115) ICCF email 2018}) 18. axb5 cxd4 (18... axb5 $5 {[%cal Ra8a1]} 19. Rxa8 Rxa8 $11) 19. Na4 $1 $36 {[%cal Ra4b6][%mdl 2048] White fights for an advantage.} Qa7 $1 {...axb5 is the strong threat.} 20. b6 Qb8 21. Bb2 dxe3 22. Qxe3 Ng4 23. Qg3 Qxg3 24. hxg3 Bf6 25. Bxf6 Nxf6 26. Nc5 Rdb8 $1 27. Bc4 a5 28. Rd6 {Accuracy: White = 93%, Black = 92%.} ({Of course not} 28. Nxb7 $6 Rxb7 29. Rd6 Kf8 $11) 1/2-1/2

[Event "DMP Ekstraliga 2020"]
[Site "Krakow"]
[Date "2020.08.30"]
[Round "5.14"]
[White "Bartel, Mateusz"]
[Black "Dziuba, Marcin"]
[Result "1/2-1/2"]
[WhiteElo "2643"]
[BlackElo "2590"]
[Annotator "ChessBase"]
[PlyCount "53"]
[EventDate "2020.08.26"]
[EventType "team-tourn"]
[EventCountry "POL"]
[SourceTitle "playchess.com"]
[Source "ChessBase"]
[SourceQuality "1"]
[WhiteTeam "Polonia Wroclaw"]
[BlackTeam "Wieza Pegow"]
[TimeControl "30/5400+30:1800+30"]

1. e4 {[%emt 0:00:00]} c5 {[%emt 0:00:00]} 2. Nf3 {[%emt 0:00:03]} Nc6 {[%emt 0:00:00]} 3. Bb5 {[%emt 0:00:06]} g6 {[%emt 0:00:00]} 4. O-O {[%emt 0:00:08]} Bg7 {[%emt 0:00:00]} 5. Re1 {[%emt 0:00:06]} e5 {[%emt 0:01:04]} 6. a3 {[%emt 0:00:12]} Nge7 {[%emt 0:02:38]} 7. b4 {[%emt 0:00:13]} d6 {[%emt 0:08:30]} 8. c3 {[%emt 0:00:03]} O-O {[%emt 0:00:21]} 9. d3 {[%emt 0:00:04]} a6 {[%emt 0:09:53]} 10. Bc4 {[%emt 0:00:29]} b5 {[%emt 0:00:05]} 11. Bb3 {[%emt 0:01:55]} cxb4 {[%emt 0:02:07]} 12. axb4 {[%emt 0:00:41]} Bb7 {[%emt 0:05:43]} 13. Be3 {[%emt 0:07:36]} h6 {[%emt 0:02:59]} 14. Nbd2 {[%emt 0:08:24]} Kh7 {[%emt 0:05:20]} 15. d4 {[%emt 0:01:38]} exd4 {[%emt 0:00:25]} 16. Nxd4 {[%emt 0:01:26]} Rc8 {[%emt 0:00:34]} 17. N2f3 {[%emt 0:05:25]} Ne5 {[%emt 0:03:50]} 18. Nxe5 {[%emt 0:05:01]} dxe5 {[%emt 0:01:07]} 19. Ne2 {[%emt 0:00:12]} Qc7 {[%emt 0:02:58]} 20. Bc5 {[%emt 0:00:15]} Rfd8 {[%emt 0:00:23]} 21. Qc2 {[%emt 0:00:57]} Ng8 {[%emt 0:01:21]} 22. Qa2 {[%emt 0:11:03]} Rd7 {[%emt 0:02:33]} 23. Rad1 {[%emt 0:03:16]} Rcd8 {[%emt 0:00:35]} 24. Rxd7 {[%emt 0:01:57]} Rxd7 {[%emt 0:00:06]} 25. Ng3 {[%emt 0:00:11]} Nf6 {[%emt 0:01:21]} 26. f3 {[%emt 0:00:03]} Kg8 {[%emt 0:09:42]} 27. Qe2 {[%emt 0:12:59]} 1/2-1/2

[Event "DMP Ekstraliga 2020"]
[Site "Krakow"]
[Date "2020.08.30"]
[Round "5.15"]
[White "Hnydiuk, Aleksander"]
[Black "Gumularz, Szymon"]
[Result "0-1"]
[WhiteElo "2411"]
[BlackElo "2506"]
[Annotator "ChessBase"]
[PlyCount "63"]
[EventDate "2020.08.26"]
[EventType "team-tourn"]
[EventCountry "POL"]
[SourceTitle "playchess.com"]
[Source "ChessBase"]
[SourceQuality "1"]
[WhiteTeam "Wieza Pegow"]
[BlackTeam "Polonia Wroclaw"]
[TimeControl "30/5400+30:1800+30"]

1. Nf3 {[%emt 0:00:00]} d6 {[%emt 0:00:00]} 2. d4 {[%emt 0:00:00]} Nf6 {[%emt 0:00:00]} 3. c4 {[%emt 0:00:00]} g6 {[%emt 0:00:00]} 4. g3 {[%emt 0:00:10]} Bg7 {[%emt 0:00:00]} 5. Bg2 {[%emt 0:00:03]} O-O {[%emt 0:00:09]} 6. Nc3 {[%emt 0:00:14]} Nc6 {[%emt 0:01:54]} 7. O-O {[%emt 0:00:06]} e5 {[%emt 0:04:43]} 8. dxe5 {[%emt 0:00:12]} dxe5 {[%emt 0:00:08]} 9. Bg5 {[%emt 0:01:19]} Be6 {[%emt 0:01:31]} 10. Qa4 {[%emt 0:00:22]} Qc8 {[%emt 0:00:25]} 11. Bxf6 {[%emt 0:08:37]} Bxf6 {[%emt 0:00:34]} 12. Nd2 {[%emt 0:06:45]} Bg7 {[%emt 0:28:53]} 13. Nde4 {[%emt 0:18:34]} f5 {[%emt 0:05:10]} 14. Nc5 {[%emt 0:06:24]} e4 {[%emt 0:00:56]} 15. Rfd1 {[%emt 0:11:42]} Re8 {[%emt 0:23:56]} 16. Nd5 {[%emt 0:15:23]} Ne5 {[%emt 0:10:11]} 17. Qb3 {[%emt 0:04:35]} Bf7 {[%emt 0:02:50]} 18. Qxb7 {[%emt 0:05:16]} Nxc4 {[%emt 0:11:07]} 19. Rac1 {[%emt 0:03:36]} Nxb2 {[%emt 0:01:47]} 20. Rd2 {[%emt 0:00:35]} Qxb7 {[%emt 0:00:47]} 21. Nxb7 {[%emt 0:00:02]} Nd3 {[%emt 0:00:45]} 22. Rxc7 {[%emt 0:04:03]} Bxd5 {[%emt 0:01:38]} 23. exd3 {[%emt 0:00:01]} Rac8 {[%emt 0:00:34]} 24. Rd7 {[%emt 0:04:42]} Rc1+ {[%emt 0:01:46]} 25. Bf1 {[%emt 0:00:01]} e3 {[%emt 0:00:54]} 26. fxe3 {[%emt 0:00:28]} Bh6 {[%emt 0:00:31]} 27. Rxd5 {[%emt 0:03:01]} Bxe3+ {[%emt 0:00:03]} 28. Kg2 {[%emt 0:00:07]} Bxd2 {[%emt 0:00:10]} 29. d4 {[%emt 0:00:07]} Bb4 {[%emt 0:01:19]} 30. Bb5 {[%emt 0:00:50]} Rc2+ {[%emt 0:00:40]} 31. Kh3 {[%emt 0:30:21]} Re1 {[%emt 0:30:41]} 32. g4 0-1